Ecology and conservation of southeast Asian marine and freshwater environments including wetlands
Na minha lista:
| Formato: | Livro |
|---|---|
| Idioma: | Undetermined |
| Publicado em: |
Dordrecht ; Boston
Kluwer Academic Publishers
c1994
|
| Assuntos: | |
| Tags: |
Adicionar Tag
Sem tags, seja o primeiro a adicionar uma tag!
|
| Thư viện lưu trữ: | Trung tâm Học liệu Trường Đại học Cần Thơ |
|---|
| LEADER | 00632nam a2200181Ia 4500 | ||
|---|---|---|---|
| 001 | CTU_141911 | ||
| 008 | 210402s9999 xx 000 0 und d | ||
| 082 | |a 577.2 | ||
| 082 | |b E17 | ||
| 245 | 0 | |a Ecology and conservation of southeast Asian marine and freshwater environments including wetlands | |
| 245 | 0 | |c Edited by A. Sasekumar, N. Marshall, D.J. Macintosh | |
| 260 | |a Dordrecht ; Boston | ||
| 260 | |b Kluwer Academic Publishers | ||
| 260 | |c c1994 | ||
| 650 | |a Natural history,Ecosystem management | ||
| 650 | |z Southeast Asia,Southeast Asia | ||
| 904 | |i Q. Hieu | ||
| 980 | |a Trung tâm Học liệu Trường Đại học Cần Thơ | ||